| 000 | 00585nam a2200169 4500 | ||
|---|---|---|---|
| 008 | 0 1994 0x 000 0ARG | ||
| 020 | _a950-641-191-3 | ||
| 050 | _aHB615 G73 1994 | ||
| 082 | _a658.4 G778c | ||
| 100 | _aGray A. Douglas. | ||
| 245 | _aComo evaluar su potencial emprendedor : Guía de planificación para pequeñas empresas. / Douglas A. Gray. [et al.] | ||
| 260 | _aArgentina : Granica - Vergara | ||
| 300 | _a192 p. / 24 cm. | ||
| 500 | _aIncluye, índice | ||
| 650 | _a1.- ADMINISTRACION. 2.- EMPRESARIOS. 3.- MICROEMPRESAS. | ||
| 700 | _aCyr G. Donald. | ||
| 999 |
_c14536 _d14536 |
||